<?xml version="1.0" encoding="UTF-8"?>
<record
    xmlns:xsi="http://www.w3.org/2001/XMLSchema-instance"
    xsi:schemaLocation="http://www.loc.gov/MARC21/slim http://www.loc.gov/standards/marcxml/schema/MARC21slim.xsd"
    xmlns="http://www.loc.gov/MARC21/slim">

  <leader>00915nam2a22002531  4500</leader>
  <controlfield tag="001">v19\rc\1994358</controlfield>
  <controlfield tag="005">20251118181235.5</controlfield>
  <datafield tag="035" ind1=" " ind2=" ">
    <subfield code="a">(NLR Aleph) 005070780</subfield>
  </datafield>
  <datafield tag="090" ind1=" " ind2=" ">
    <subfield code="a">7093338</subfield>
    <subfield code="c">7093338</subfield>
  </datafield>
  <datafield tag="100" ind1=" " ind2=" ">
    <subfield code="a">20080811d1914    u  y0rusy50      ca</subfield>
  </datafield>
  <datafield tag="101" ind1="0" ind2=" ">
    <subfield code="a">rus</subfield>
  </datafield>
  <datafield tag="102" ind1=" " ind2=" ">
    <subfield code="a">RU</subfield>
  </datafield>
  <datafield tag="105" ind1=" " ind2=" ">
    <subfield code="a">y   z   |||||</subfield>
  </datafield>
  <datafield tag="200" ind1="0" ind2=" ">
    <subfield code="a">&#x437;&#x430; 1911 &#x433;&#x43E;&#x434;</subfield>
  </datafield>
  <datafield tag="210" ind1=" " ind2=" ">
    <subfield code="d">1914</subfield>
  </datafield>
  <datafield tag="215" ind1=" " ind2=" ">
    <subfield code="a">99 &#x441;.</subfield>
  </datafield>
  <datafield tag="461" ind1=" " ind2="0">
    <subfield code="1">001v19\rc\1994357</subfield>
    <subfield code="1">2001#$a&#x414;&#x435;&#x43D;&#x435;&#x436;&#x43D;&#x44B;&#x439; &#x43E;&#x442;&#x447;&#x435;&#x442; &#x424;&#x435;&#x43E;&#x434;&#x43E;&#x441;&#x438;&#x439;&#x441;&#x43A;&#x43E;&#x439; &#x433;&#x43E;&#x440;&#x43E;&#x434;&#x441;&#x43A;&#x43E;&#x439; &#x443;&#x43F;&#x440;&#x430;&#x432;&#x44B;...$v&#x437;&#x430; 1911 &#x433;&#x43E;&#x434;</subfield>
    <subfield code="9">7093334</subfield>
    <subfield code="a">&#x424;&#x435;&#x43E;&#x434;&#x43E;&#x441;&#x438;&#x439;&#x441;&#x43A;&#x430;&#x44F; &#x433;&#x43E;&#x440;&#x43E;&#x434;&#x441;&#x43A;&#x430;&#x44F; &#x443;&#x43F;&#x440;&#x430;&#x432;&#x430;</subfield>
    <subfield code="c">&#x424;&#x435;&#x43E;&#x434;&#x43E;&#x441;&#x438;&#x44F;</subfield>
    <subfield code="d">1914-1915</subfield>
    <subfield code="t">&#x414;&#x435;&#x43D;&#x435;&#x436;&#x43D;&#x44B;&#x439; &#x43E;&#x442;&#x447;&#x435;&#x442; &#x424;&#x435;&#x43E;&#x434;&#x43E;&#x441;&#x438;&#x439;&#x441;&#x43A;&#x43E;&#x439; &#x433;&#x43E;&#x440;&#x43E;&#x434;&#x441;&#x43A;&#x43E;&#x439; &#x443;&#x43F;&#x440;&#x430;&#x432;&#x44B;...</subfield>
    <subfield code="v">&#x437;&#x430; 1911 &#x433;&#x43E;&#x434;</subfield>
  </datafield>
  <datafield tag="801" ind1=" " ind2="0">
    <subfield code="a">RU</subfield>
    <subfield code="b">NLR</subfield>
    <subfield code="g">psbo</subfield>
  </datafield>
  <datafield tag="801" ind1=" " ind2="0">
    <subfield code="a">RU</subfield>
    <subfield code="b">RuMoRGB</subfield>
    <subfield code="2">psbo</subfield>
  </datafield>
  <datafield tag="801" ind1=" " ind2="1">
    <subfield code="a">RU</subfield>
    <subfield code="b">ProSoft-M</subfield>
    <subfield code="2">rusmarc</subfield>
  </datafield>
  <datafield tag="852" ind1=" " ind2=" ">
    <subfield code="a">NLR</subfield>
    <subfield code="j">17.159.6.22</subfield>
  </datafield>
  <datafield tag="899" ind1=" " ind2=" ">
    <subfield code="a">RuMoRGB</subfield>
    <subfield code="j">V 48/26</subfield>
  </datafield>
  <datafield tag="942" ind1=" " ind2=" ">
    <subfield code="c">BOOK</subfield>
  </datafield>
  <datafield tag="980" ind1=" " ind2=" ">
    <subfield code="a">NB</subfield>
  </datafield>
  <datafield tag="995" ind1=" " ind2=" ">
    <subfield code="5">2013-10-26</subfield>
    <subfield code="b">NLR02</subfield>
    <subfield code="c">NLR02</subfield>
    <subfield code="e">RFS</subfield>
    <subfield code="f">5070780-10</subfield>
    <subfield code="k">17.159.6.22</subfield>
    <subfield code="o">0</subfield>
    <subfield code="r">BOOK</subfield>
    <subfield code="s">17159622_</subfield>
  </datafield>
</record>
